Estudio de prefactibilidad para la implementación de medidores prepago en la ciudad de Managua
El estudio de prefactibilidad se desarrolla bajo un ambiente de reingeniería de procesos de negocios que se está implementando actualmente en la Empresa Nicaragüense de Electricidad ENEL, se identificó la situación problemática con el fin de mejorar el proceso. Se determinó los estratos de cl...
| Main Authors: | , , |
|---|---|
| Other Authors: | |
| Format: | Tesis Section = Libro |
| Language: | Undetermined Spanish |
| Published: |
Managua
UNI
1998
|
| Subjects: |
| LEADER | 01316nam a2200253Ia 4500 | ||
|---|---|---|---|
| 008 | 240830s9999 xx 000 0 und d | ||
| 040 | |a BIBLIOTECA-RUPAP Mon 658.404 D812 | ||
| 041 | |a spa | ||
| 082 | |a Mon 658.404 D812 | ||
| 100 | 1 | |a Duarte Ríos, Fernando José | |
| 100 | 1 | |b Espinoza González, Carlos José | |
| 100 | 1 | |c Martínez Marín, Edgard Martin | |
| 245 | 1 | 0 | |a Estudio de prefactibilidad para la implementación de medidores prepago en la ciudad de Managua |
| 260 | |a Managua |b UNI |c 1998 | ||
| 300 | |a 241 p. :il. | ||
| 500 | |a Contiene: tablas y gráficos. | ||
| 502 | |a Tesis (Ingeniero Industrial)- UNI, 1998. | ||
| 520 | 3 | |a El estudio de prefactibilidad se desarrolla bajo un ambiente de reingeniería de procesos de negocios que se está implementando actualmente en la Empresa Nicaragüense de Electricidad ENEL, se identificó la situación problemática con el fin de mejorar el proceso. Se determinó los estratos de clientes potenciales a los cuales se les venderá el nuevo servicio eléctrico, número de medidores que podrán instalarse y la prefactibilidad económica del proyecto. | |
| 650 | 7 | |a ADMINISTRACIÓN DE PROYECTO | |
| 650 | 7 | |b MEDIDORES-ELECTRICIDAD - MANAGUA | |
| 700 | 1 | |a Tutor: |b Morales Lugo, Francisco | |
| 942 | |c BK |2 ddc | ||
| 991 | |a TESIS | ||
| 999 | |c 17338 | ||